| 000 | 01747cam a2200361 a 4500 | ||
|---|---|---|---|
| 999 |
_c11376 _d11376 |
||
| 001 | 12688050 | ||
| 003 | OSt | ||
| 005 | 20191223140025.0 | ||
| 008 | 020227s2001 nyubd b 001 0 eng d | ||
| 010 | _a 2002265513 | ||
| 020 | _a9788125022039 | ||
| 035 | _a(DLC) 2002265513 | ||
| 035 | _a(DLC)4040 | ||
| 035 | _a(OCoLC)ocm48272718 | ||
| 040 |
_aDPL _cDPL _dPSM _dNOR _dDLC |
||
| 042 | _alccopycat | ||
| 050 | 0 | 0 |
_aHC79.E5 _bB759 2001 |
| 082 | 0 | 0 |
_a333.7 _221 |
| 100 | 1 |
_aBrown, Lester R. _q(Lester Russell), _d1934- _9686 |
|
| 245 | 1 | 0 |
_aEco-economy : _bbuilding an economy for the earth / _cLester R. Brown. |
| 250 | _a1st ed. | ||
| 260 |
_aHyderabad : _bOrient Longman, _cc2001. |
||
| 300 |
_axviii, 333 p. : _bcharts, 1 map ; _c24 cm. |
||
| 500 | _a"Earth Policy Institute." | ||
| 504 | _aIncludes bibliographical references (p. [277]-322) and index. | ||
| 505 | 0 | 0 |
_g1. The _teconomy and the Earth -- _g2. _tSigns of stress : climate and water -- _g3. _tSigns of stress : the biological base -- _g4. The _tshape of the eco-economy -- _g5. _tBuilding the solar/hydrogen economy -- _g6. _tDesigning a new materials economy -- _g7. _tFeeding everyone well -- _g8. _tProtecting forest products and services -- _g9. _tRedesigning cities for people -- _g10. _tStabilizing population by reducing fertility -- _g11. _tTools for restructuring the economy -- _g12. _tAccelerating the transition. |
| 650 | 0 | _aEnvironmental economics. | |
| 710 | 2 | _aEarth Policy Institute. | |
| 856 | 4 | 1 |
_3Table of contents _uhttp://www.loc.gov/catdir/toc/fy02/2002265513.html |
| 906 |
_a7 _bcbc _ccopycat _d2 _encip _f20 _gy-gencatlg |
||
| 942 |
_2ddc _cBK _h333.7 _iBRO/E _k333.7 _mBRO/E |
||